| 000 | 00946nam a2200325Ia 4500 | ||
|---|---|---|---|
| 001 | Para_8771 | ||
| 003 | CHAP | ||
| 008 | 220125s2002 xx 000 0 und d | ||
| 010 | _a207552 | ||
| 040 | _cCHAP | ||
| 082 | _aPA 634.3 W5y | ||
| 100 |
_aTimmer, L.W. _9113330 |
||
| 245 |
_aPlagas y enfermedades de los cítricos / _c editado. por L.W. Timmer, S.M. Garnsey y J.H. Graham |
||
| 260 |
_aMadrid : _b Mundi Prensa |
||
| 300 | _a95 p. | ||
| 500 | _aTraduccion de: Compendium of citrus diseases | ||
| 503 | _aC/e (ej.1) | ||
| 650 |
_aCítricos _x enfermedades _924423 |
||
| 650 |
_aCítricos _x plagas _924458 |
||
| 700 | _aGarnsey, S.M. | ||
| 700 |
_aGraham, J.H. _950205 |
||
| 710 |
_aThe American Phytopathology Society _9174125 |
||
| 901 | _aPA 634.3 W5Y | ||
| 902 | _aM | ||
| 905 | _a0000002002 ad 0000000000 00 | ||
| 910 | _a2002 | ||
| 942 | _cPARA | ||
| 942 |
_cPARA _d1 |
||
| 999 |
_c207552 _d207552 |
||